[Event "ROM-ch U12 Girls"]
[Site "Calimanesti"]
[Date "2015.04.04"]
[Round "7"]
[White "Mirza, Hana Carmina"]
[Black "Motataianu, Ana"]
[Result "0-1"]
[WhiteElo "1062"]
[BlackElo "1270"]
[PlyCount "49"]
[EventDate "2015.03.30"]
[EventType "swiss"]
[EventRounds "9"]
[EventCountry "ROU"]
[SourceTitle "CBM 165 Extra"]
[Source "ChessBase"]
[SourceDate "2015.04.21"]
[SourceVersion "1"]
[SourceVersionDate "2015.04.21"]
[SourceQuality "1"]

1. e4 e5 2. Nf3 Nc6 3. Bc4 Bc5 4. Nc3 Nf6 5. d3 a6 6. Be3 d6 7. h3 Na5 8. Bb3 Nxb3 9. axb3 Be6 10. Bxc5 dxc5 11. Nxe5 Nd7 12. Nc4 Qg5 13. Qf3 0-0 14. 0-0 f5 15. Qg3 Qh5 16. exf5 Rxf5 17. Qg4 Qh6 18. Rae1 Rf6 19. Qe4 Bxh3 20. gxh3 Rg6+ 21. Kh2 Nf6 22. Qf3 Rf8 23. Kh1 Ng4 24. Nd6 Rxf3 25. Re8+ 0-1